000
00245nam a2200097Ia 4500
008
231212s1990 xx 000 0 und d
041
_a
eng
100
_a
Leventhal L.
245
_a
Introducation To Microprocessor
260
_a
Bombay
_b
Prentic
_c
1990
999
_c
961340
_d
961340